Organizational Behaviour / (Record no. 32170)

000 -LEADER
fixed length control field 00474 a2200181 4500
003 - CONTROL NUMBER IDENTIFIER
control field OSt
005 - DATE AND TIME OF LATEST TRANSACTION
control field 20260220115318.0
008 - FIXED-LENGTH DATA ELEMENTS--GENERAL INFORMATION
fixed length control field 260220b ||||| |||| 00| 0 eng d
020 ## - INTERNATIONAL STANDARD BOOK NUMBER
International Standard Book Number 9789351611462
040 ## - CATALOGING SOURCE
Transcribing agency .
082 ## - DEWEY DECIMAL CLASSIFICATION NUMBER
Classification number 302.35
Item number P911
100 ## - MAIN ENTRY--PERSONAL NAME
9 (RLIN) 3940
Personal name Prasad, L. M.
245 ## - TITLE STATEMENT
Title Organizational Behaviour /
Statement of responsibility, etc. L.M. Prasad
260 ## - PUBLICATION, DISTRIBUTION, ETC.
Name of publisher, distributor, etc. Sultan Chand & Sons,
Place of publication, distribution, etc. New Delhi :
Date of publication, distribution, etc. 2019.
300 ## - PHYSICAL DESCRIPTION
Extent 549 p.
650 #0 - SUBJECT ADDED ENTRY--TOPICAL TERM
9 (RLIN) 6656
Topical term or geographic name entry element Organizational Behaviour
942 ## - ADDED ENTRY ELEMENTS (KOHA)
Source of classification or shelving scheme
Koha item type Books
Holdings
Withdrawn status Lost status Source of classification or shelving scheme Damaged status Not for loan Collection code Permanent Location Current Location Shelving location Date acquired Source of acquisition Cost, normal purchase price Full call number Barcode Date last seen Cost, replacement price Price effective from Koha item type
          Non-fiction IMU Kolkata IMU Kolkata Reference 2026-03-17 30 520.00 302.35 P911 14873 2026-03-17 650.00 2026-03-17 Books
          Non-fiction IMU Kolkata IMU Kolkata   2026-03-17 30 520.00 302.35 P911 14874 2026-03-17 650.00 2026-03-17 Books
Designed and Maintained by IMU-KC Library, Kolkata Campus © Copyright All Rights Reserved

webs counters

Powered by Koha